| Tag |
First Indicator |
Second Indicator |
Subfields |
| LEADER |
00000cam a2200000 4500 |
| 001 |
in00005776364 |
| 005 |
20260327191534.0 |
| 006 |
m o d |
| 007 |
cr |n||||||||| |
| 008 |
251025s2026 xx o 000 0 eng d |
| 040 |
|
|
|a YDX
|b eng
|c YDX
|d OPELS
|d OCLCO
|d OCLCQ
|
| 020 |
|
|
|a 9780443363450
|q (electronic bk.)
|
| 020 |
|
|
|a 0443363455
|q (electronic bk.)
|
| 020 |
|
|
|z 9780443363443
|
| 020 |
|
|
|z 0443363447
|
| 035 |
|
|
|a (OCoLC)1546844516
|
| 050 |
|
4 |
|a TK6592.S95
|
| 082 |
0 |
4 |
|a 621.3848/5
|2 23/eng/20251104
|
| 049 |
|
|
|a TXAM
|
| 245 |
0 |
0 |
|a DEEP LEARNING FOR SYNTHETIC APERTURE RADAR REMOTE SENSING.
|
| 260 |
|
|
|a [S.l.] :
|b ELSEVIER,
|c 2026.
|
| 300 |
|
|
|a 1 online resource
|
| 336 |
|
|
|a text
|b txt
|2 rdacontent
|
| 337 |
|
|
|a computer
|b c
|2 rdamedia
|
| 338 |
|
|
|a online resource
|b cr
|2 rdacarrier
|
| 650 |
|
0 |
|a Synthetic aperture radar
|x Data processing.
|
| 650 |
|
0 |
|a Deep learning (Machine learning)
|
| 650 |
|
6 |
|a Apprentissage profond.
|
| 655 |
|
7 |
|a Electronic books.
|2 local
|
| 710 |
2 |
|
|a ScienceDirect (Online service)
|
| 776 |
0 |
8 |
|c Original
|z 0443363447
|z 9780443363443
|w (OCoLC)1520910883
|
| 856 |
4 |
0 |
|u http://proxy.library.tamu.edu/login?url=https://www.sciencedirect.com/science/book/9780443363443
|z Connect to the full text of this electronic book
|t 0
|
| 936 |
|
|
|a BATCHLOAD
|
| 955 |
|
|
|a Elsevier ScienceDirect 2026-2027
|
| 994 |
|
|
|a 92
|b TXA
|
| 999 |
f |
f |
|i 81e9c121-b6d9-49cd-9bf2-ce1011ae2bdc
|s 8b1cf2a9-157d-43cf-9887-cad2f55df54f
|t 0
|
| 952 |
f |
f |
|a Texas A&M University
|b College Station
|c Electronic Resources
|s www_evans
|d Available Online
|t 0
|e TK6592.S95
|h Library of Congress classification
|
| 998 |
f |
f |
|a TK6592.S95
|t 0
|l Available Online
|